Catalog

Record Details

Catalog Search



Available copies

  • 1 of 1 copy available at LARL/NWRL Consortium.

Current holds

0 current holds with 1 total copy.

Show Only Available Copies
Location Call Number / Copy Notes Barcode Shelving Location Status Due Date
Roseau Public Library DEK (Text) 35500003725833 Main Available -

Record details

  • ISBN: 0849917905 (hardcover)
  • ISBN: 1595540210 (trade paper)
  • Physical Description: 408 p. ; 24 cm.
  • Publisher: Nashville, Tenn. : WestBow Press, c2004.

Content descriptions

General Note:
"A trilogy - book one"--Spine.
Genre: Suspense fiction.
Fantasy fiction.
LDR 00982cam a2200289 a 4500
00153867
003LARL_NWRL_CONSORTIUM
00520041026100526.0
008030926s2004 tnu 000 1 eng
020 . ‡a0849917905 (hardcover)
020 . ‡a1595540210 (trade paper)
035 . ‡a(OCoLC)53131188
08200. ‡a813/.6 ‡222
1001 . ‡aDekker, Ted, ‡d1962- ‡0(LARL_NWRL_CONSORTIUM)43775
24510. ‡aBlack ‡n#1/ ‡cTed Dekker.
260 . ‡aNashville, Tenn. : ‡bWestBow Press, ‡cc2004.
300 . ‡a408 p. ; ‡c24 cm.
4900 . ‡aCircle ; ‡v1
500 . ‡a"A trilogy - book one"--Spine.
655 7. ‡aSuspense fiction. ‡2gsafd
655 7. ‡aFantasy fiction. ‡2gsafd
901 . ‡a53867 ‡bOCLC ‡c53867 ‡tbiblio

Additional Resources